000 00319nam a22001457a 4500
005 20251119131644.0
082 _a620.3 BEN
100 _aBenjamin J
_968
245 _aA Text book of Engineering Mechanics
250 _a1
260 _aNew Pentex
_bKollam
_c2024
546 _aEnglish
650 _aME
_970
942 _cBK
999 _c38029
_d38029